Growth and development : A physical output and employment strategy

সংরক্ষণ করুন:
গ্রন্থ-পঞ্জীর বিবরন
প্রধান লেখক: Park, S. S.
বিন্যাস: গ্রন্থ
ভাষা:Undetermined
প্রকাশিত: London Martin Robertson 1977
বিষয়গুলি:
ট্যাগগুলো: ট্যাগ যুক্ত করুন
কোনো ট্যাগ নেই, প্রথমজন হিসাবে ট্যাগ করুন!
Thư viện lưu trữ: Trung tâm Học liệu Trường Đại học Cần Thơ
LEADER 00525nam a2200193Ia 4500
001 CTU_81800
008 210402s9999 xx 000 0 und d
082 |a 338.9 
082 |b P235 
100 |a Park, S. S. 
245 0 |a Growth and development : 
245 2 |b A physical output and employment strategy 
245 0 |c S. S. Park 
260 |a London 
260 |b Martin Robertson 
260 |c 1977 
650 |a Economic development 
904 |i Trọng Hải 
980 |a Trung tâm Học liệu Trường Đại học Cần Thơ